|
|
|
|
| LEADER |
01295nam a22003374a 4500 |
| 001 |
27583 |
| 003 |
BD-DhAAL |
| 005 |
20130924163306.0 |
| 008 |
130924s2010 enka b 001 0 eng |
| 010 |
|
|
|a 2009040166
|
| 020 |
|
|
|a 9780470028759 (cloth)
|
| 020 |
|
|
|a 0470028750 (cloth)
|
| 040 |
|
|
|a DLC
|c DLC
|d YDX
|d YDXCP
|d BWX
|d CDX
|d DLC
|d BD-DhAAL
|
| 050 |
0 |
0 |
|a BF575.T7
|b C37 2010
|
| 082 |
0 |
0 |
|a 302/.1
|2 22
|
| 100 |
1 |
|
|a Castelfranchi, Cristiano.
|9 3243
|
| 245 |
1 |
0 |
|a Trust theory :
|b a socio-cognitive and computational model /
|c Cristiano Castelfranchi, Rino Falcone.
|
| 260 |
|
|
|a Chichester, West Sussex :
|b J. Wiley,
|c 2010.
|
| 300 |
|
|
|a xiii, 369 p. :
|b ill. ;
|c 26 cm.
|
| 490 |
1 |
|
|a Wiley series in agent technology
|
| 504 |
|
|
|a Includes bibliographical references (p. 354-357) and index.
|
| 541 |
|
|
|e 27583
|
| 650 |
|
0 |
|a Trust.
|9 3244
|
| 650 |
|
0 |
|a Trust
|x Simulation methods.
|9 3245
|
| 650 |
|
0 |
|a Artificial intelligence
|x Psychological aspects.
|9 3246
|
| 650 |
|
0 |
|a Cognitive science.
|9 3247
|
| 700 |
1 |
|
|a Falcone, Rino.
|9 3248
|
| 830 |
|
0 |
|a Wiley series in agent technology.
|9 3249
|
| 942 |
|
|
|2 ddc
|c BK
|
| 999 |
|
|
|c 14017
|d 14017
|
| 952 |
|
|
|0 0
|1 0
|2 ddc
|4 0
|6 302_100000000000000_CAS
|7 0
|9 23494
|a IGS
|b IGS
|c GEN
|d 2013-09-24
|e Karim International
|l 0
|o 302.1 CAS
|p 3010027583
|r 2013-09-24
|t 1
|w 2013-09-24
|y BK
|